书目信息 |
| 题名: |
西北哲学论丛
|
|
| 作者: | 张学广 主编 | |
| 分册: | 第二辑 | |
| 出版信息: | 北京 中国社会科学出版社 2021.05 |
|
| 页数: | 306页 | |
| 开本: | 24cm | |
| 丛书名: | ||
| 单 册: | ||
| 中图分类: | B-53 | |
| 科图分类: | ||
| 主题词: | 哲学--zhe xue--文集 | |
| 电子资源: | ||
| ISBN: | 978-7-5203-7974-8 | |
| 000 | 00986nam0 2200241 450 | |
| 001 | 202021193169 | |
| 005 | 20211025120136.0 | |
| 010 | @a978-7-5203-7974-8@dCNY118.00 | |
| 100 | @a20210927d2021 em y0chiy50 ea | |
| 101 | 0 | @achi |
| 102 | @aCN@b110000 | |
| 105 | @ay a 000yy | |
| 106 | @ar | |
| 200 | 1 | @a西北哲学论丛@Axi bei zhe xue lun cong@h第二辑@f张学广主编 |
| 210 | @a北京@c中国社会科学出版社@d2021.05 | |
| 215 | @a306页@d24cm | |
| 320 | @a有书目 | |
| 330 | @a本书收录西北大学哲学学科教师的年度学术论文, 论文主题涵盖哲学一级学科的所有内容。本论文集每年出版一集, 当年的论文专栏根据收到的论文加以编排。论文坚持政治性、思想性与学术性相统一的原则, 要求阐述有理有据, 均未曾发表, 字数在6000字以上, 10000字以下, 质量特别优秀者可不受字数限制。全书按内容分为马克思主义哲学、中国哲学、外国哲学和宗教学等部分。 | |
| 606 | 0 | @a哲学@Azhe xue@j文集 |
| 690 | @aB-53@v5 | |
| 701 | 0 | @a张学广@Azhang xue guang@4主编 |
| 801 | 0 | @aCN@c20210909 |
| 905 | @a河南城建学院图书馆@dB-53@eZ211 | |
| 西北哲学论丛.第二辑/张学广主编.-北京:中国社会科学出版社,2021.05 |
| 306页;24cm |
| ISBN 978-7-5203-7974-8:CNY118.00 |
| 本书收录西北大学哲学学科教师的年度学术论文, 论文主题涵盖哲学一级学科的所有内容。本论文集每年出版一集, 当年的论文专栏根据收到的论文加以编排。论文坚持政治性、思想性与学术性相统一的原则, 要求阐述有理有据, 均未曾发表, 字数在6000字以上, 10000字以下, 质量特别优秀者可不受字数限制。全书按内容分为马克思主义哲学、中国哲学、外国哲学和宗教学等部分。 |
| ● |
| 相关链接 |
|
|
|
正题名:西北哲学论丛
索取号:B-53/Z211
 
预约/预借
| 序号 | 登录号 | 条形码 | 馆藏地/架位号 | 状态 | 备注 |
| 1 | 1542156 | 215421568 | 社科库509/509社科库 6排3列6层/ [索取号:B-53/Z211] | 在馆 |